书目信息 |
| 题名: |
现代汉语史概论
|
|
| 作者: | 刁晏斌 著 | |
| 分册: | ||
| 出版信息: | 北京 北京大学出版社 2006 |
|
| 页数: | 218页 | |
| 开本: | 21cm | |
| 丛书名: | 语言学教材丛书 | |
| 单 册: | ||
| 中图分类: | H1-09 | |
| 科图分类: | ||
| 主题词: | 汉语史--现代--教材 , 汉语史 | |
| 电子资源: | ||
| ISBN: | 7-301-11077-4 | |
| 000 | 00916oam2 2200277 450 | |
| 001 | 012007927728 | |
| 005 | 20070523090403.82 | |
| 010 | @a7-301-11077-4@dCNY15.00 | |
| 100 | @a20070515d2006 km y0chiy0120 ea | |
| 101 | 0 | @achi |
| 102 | @aCN@b110000 | |
| 105 | @ay z 000yy | |
| 106 | @ar | |
| 200 | 1 | @a现代汉语史概论@Axian dai han yu shi gai lun@f刁晏斌著@Fdiao yan bin zhu |
| 210 | @a北京@c北京大学出版社@d2006 | |
| 215 | @a218页@d21cm | |
| 225 | 2 | @a语言学教材丛书 |
| 300 | @a本书由大连市人民政府资助出版 | |
| 330 | @a本书讨论的问题基本涵盖了能够支撑一个学科所必备的各个要素,包括学科的界定、提出的依据、分期、研究内容、研究方法、与其他相关学科的关系以及研究的意义和价值等。 | |
| 461 | 0 | @12001 @a语言学教材丛书 |
| 606 | 0 | @a汉语史@z现代@j教材 |
| 606 | 0 | @a汉语史 |
| 690 | @aH1-09@v4 | |
| 701 | 0 | @a刁晏斌@Adiao yan bin@f(1959~)@4著 |
| 801 | 0 | @aCN@bRULIN@c20070523 |
| 905 | @dH1-09@e127@s8 | |
| 现代汉语史概论/刁晏斌著.-北京:北京大学出版社,2006 |
| 218页;21cm.-(语言学教材丛书) |
| 本书由大连市人民政府资助出版 |
| ISBN 7-301-11077-4:CNY15.00 |
| 本书讨论的问题基本涵盖了能够支撑一个学科所必备的各个要素,包括学科的界定、提出的依据、分期、研究内容、研究方法、与其他相关学科的关系以及研究的意义和价值等。 |
| ● |
| 相关链接 |
|
|
|
|
正题名:现代汉语史概论
索取号:H1-09/127
 
预约/预借
| 序号 | 登录号 | 条形码 | 馆藏地/架位号 | 状态 | 备注 |
| 1 | 0576218 | 205762183 | 第二样本阅览室/ [索取号:H1-09/127] | 在馆 | |
| 2 | 0576219 | 205762192 | 第四借阅区/ [索取号:H1-09/127] | 在馆 | |
| 3 | 0576220 | 205762209 | 第四借阅区/ [索取号:H1-09/127] | 在馆 | |
| 4 | 0576221 | 205762218 | 第四借阅区/ [索取号:H1-09/127] | 在馆 | |
| 5 | 0576222 | 205762227 | 第四借阅区/ [索取号:H1-09/127] | 在馆 | |
| 6 | 0576223 | 205762236 | 第四借阅区/ [索取号:H1-09/127] | 在馆 | |
| 7 | 0576224 | 205762245 | 第四借阅区/ [索取号:H1-09/127] | 在馆 | |
| 8 | 0576225 | 205762254 | 第四借阅区/ [索取号:H1-09/127] | 在馆 |